Guess the Conan Gray song with no hints ~2 - Statistics

General Stats
  • This quiz has been taken 269 times
  • The average score is 101 of 186
Answer Stats
Answer % Correct
You
97%
you
97%
a
91%
the
88%
we
83%
your
82%
Your
82%
love
77%
and
72%
And
72%
No
72%
no
72%
to
72%
be
71%
you're
70%
(You're
70%
You're
70%
in
68%
that
67%
Don't
66%
don't
66%
(Don't
66%
is
63%
is
63%
Can
61%
But
58%
of
58%
him
53%
him
53%
never
53%
this
53%
us
53%
as
51%
found
49%
heaven
48%
said
48%
little
45%
one
45%
child
44%
god
44%
God
44%
You'll
43%
scared
43%
You'll
43%
There's
42%
need
41%
need
41%
demon
40%
look
40%
night
40%
always
39%
feeling
39%
get
39%
back
38%
believe
38%
sky
38%
Father
36%
now)
36%
above
35%
Everybody
35%
ring
35%
walk
35%
wants
35%
everything
34%
sin
34%
until
34%
wedding
34%
alone
33%
darkest
33%
into
33%
ruined
33%
heart
31%
innocent
31%
leave
31%
satisfied
31%
sleep
31%
war
31%
door
30%
holy
30%
soul
30%
start
30%
mama's
29%
meant
29%
prayed
29%
does
28%
begged
27%
bags
25%
pack
25%
repent
25%
breaking
22%
frightened
21%
unchanged
21%
trapped
16%
No matching quizzes found
Score Distribution
Percent of People with Each Score
Percentile by Number Answered
Your Score History
You have not taken this quiz